000 00445nam a2200181Ia 4500
005 20240823055002.0
008 240823s9999||||xx |||||||||||||| ||und||
041 _aENGLISH
082 _A650.1 Q5
100 _aGangadhar Joshi
245 0 _aCampus to Corporate : Your Roadmap to Employability
250 _a1st
260 _c2015
_bSage Public
500 _aYES
650 _aCareer Development
_bGeneral
942 _cBK
999 _c227740
_d227740